4 Decades of TV Show Premieres Quiz Stats

Quiz Updated Jan 31, 2018

Challenge
Share
Tweet
Embed
Score 0/20 Timer 04:00
11 Plays Today
Question Answer Wrong Answers
Breaking Bad 2000s
94.4%
1970s
0.2%
1980s
0.5%
1990s
2.5%
The Mary Tyler Moore Show 1970s
88.1%
1980s
6.7%
1990s
2%
2000s
0.6%
M*A*S*H 1970s
87.9%
1980s
8%
1990s
1.1%
2000s
0.5%
Saturday Night Live 1970s
86.3%
1980s
7.4%
1990s
2.7%
2000s
1.1%
Prison Break 2000s
81.9%
1970s
0.9%
1980s
2%
1990s
12.7%
Cheers 1980s
80.2%
1970s
12.8%
1990s
4.2%
2000s
0.4%
The X-Files 1990s
79.5%
1970s
1%
1980s
13.7%
2000s
3.3%
Will & Grace 1990s
78.4%
1970s
0.8%
1980s
5.4%
2000s
12.9%
Sex and the City 1990s
74.3%
1970s
0.3%
1980s
3.1%
2000s
19.8%
The Muppet Show 1970s
70.7%
1980s
23.3%
1990s
3%
2000s
0.4%
Quantum Leap 1980s
66.2%
1970s
7.3%
1990s
19.2%
2000s
4.8%
Beverly Hills, 90210 1990s
64.3%
1970s
1.8%
1980s
28.3%
2000s
3.1%
MythBusters 2000s
64.3%
1970s
1.3%
1980s
3.7%
1990s
28.1%
Full House 1980s
63%
1970s
4.1%
1990s
29.5%
2000s
1.1%
The Sopranos 1990s
59.9%
1970s
1.5%
1980s
3.7%
2000s
32.5%
The Greatest American Hero 1980s
49.9%
1970s
31.7%
1990s
8.2%
2000s
7.6%
Survivor 2000s
47.1%
1970s
0.9%
1980s
3.4%
1990s
46.3%
Diff'rent Strokes 1970s
45.3%
1980s
47.8%
1990s
3.7%
2000s
0.8%
Star Trek: The Next Generation 1980s
43.8%
1970s
9.3%
1990s
40.3%
2000s
4.1%
Malcolm in the Middle 2000s
29.1%
1970s
0.6%
1980s
5.6%
1990s
62.4%

You're not logged in!

Compare scores with friends on all Sporcle quizzes.
Sign Up with Email
OR
Log In

You Might Also Like...

Show Comments

Extras

Top Quizzes Today


Score Distribution

Your Account Isn't Verified!

In order to create a playlist on Sporcle, you need to verify the email address you used during registration. Go to your Sporcle Settings to finish the process.

Report this User

Report this user for behavior that violates our Community Guidelines.

Details: